Joan de Joanes (Record no. 17150)

MARC details
000 -LEADER
campo de control de longitud fija 00785nam a2200205 i 4500
001 - NÚMERO DE CONTROL
campo de control 17150
003 - IDENTIFICADOR DE NÚMERO DE CONTROL
campo de control ES-MaACL
005 - FECHA Y HORA DE LA ÚLTIMA TRANSACCIÓN
campo de control 20230906151520.0
007 - CAMPO FIJO DE DESCRIPCIÓN FÍSICA--INFORMACIÓN GENERAL
campo de control de longitud fija t|
008 - DATOS DE LONGITUD FIJA--INFORMACIÓN GENERAL
campo de control de longitud fija 010108s2000 sp ||||1| spa d
020 ## - NÚMERO INTERNACIONAL ESTÁNDAR DEL LIBRO
Número Internacional Estándar del Libro 84-89913-19-6
080 ## - NÚMERO DE LA CLASIFICACIÓN DECIMAL UNIVERSAL
Número de la Clasificación Decimal Universal 75 Juanes, Juan de (064.3)
245 00 - MENCIÓN DEL TÍTULO
Título Joan de Joanes
Resto del título : un maestro del Renacimiento : Fundación Santander Central Hispano del 3 de octubre al 26 de noviembre de 2000 /
Mención de responsabilidad, etc. preparación y textos: Fernando Benito Doménech.
260 ## - PUBLICACIÓN, DISTRIBUCIÓN, ETC.
Lugar de publicación, distribución, etc. [S.l.] :
Nombre del editor, distribuidor, etc. Fundación Santander Central Hispano,
Fecha de publicación, distribución, etc. [2000]
300 ## - DESCRIPCIÓN FÍSICA
Extensión 203 p. ;
Dimensiones 30 cm.
600 14 - PUNTO DE ACCESO ADICIONAL DE MATERIA--NOMBRE DE PERSONA
Nombre de persona Juanes, Juan de (
Fechas asociadas al nombre ca. 1510-1579)
9 (RLIN) 67149
700 1# - ENTRADA AGREGADA--NOMBRE PERSONAL
Nombre de persona Benito Doménech, Fernando.
9 (RLIN) 27673
710 2# - ENTRADA AGREGADA--NOMBRE DE ENTIDAD CORPORATIVA
Nombre de entidad corporativa o nombre de jurisdicción como elemento de entrada Fundación Santander Central Hispano.
9 (RLIN) 4415
852 ## - LOCALIZACIÓN
Ubicación ES-MaACL
Número de control de estantería L-23912
Sublocalización o colección R.128129
Holdings
Estatus retirado Estado de pérdida Estado de daño No para préstamo Biblioteca de origen Biblioteca actual Ubicación en estantería Fecha de adquisición Fuente de adquisición Total de préstamos Signatura topográfica completa Código de barras Visto por última vez Precio de reemplazo Tipo de ítem Koha
        Biblioteca del Ateneo de Madrid Biblioteca del Ateneo de Madrid Depósito 2 17/01/2008     L-23912 1017496 23/02/2023 23/02/2023 Libro impreso